000
00249nam a2200109Ia 4500
008
220204s9999 xx 000 0 und d
082
_a
82-3
_b
TUC
100
_a
Tucker, Wilson
245
0
_a
Ice and iron
260
_a
London
_b
Arrow
_c
1977
942
_c
BK
999
_c
26598
_d
26598